00583 2200217 4500001002100000005001500021035002000036245004600056100001300102250001700115300003200132260004200164082000800206084001400214020002200228650001400250500002800264008004100292990001600333990001600349INLIS00000000000051320240822083223 a0010-08240000311 aSehat dengan Obat Tradisional /cHendra K0 aHendra K aCetakan ke-1 avi, 66 hlm :bIlus ;c21 cm aJakarta :bSinar Wadja Lestari,c2007 a610 a610 HEN s a978-979-1213-14-1 4aKesehatan aSeri kesehatan keluarga240822 0  a00000002622 a00000002656